[Event "RA Summer Pickup #2"]
[Site "Ottawa CAN"]
[Date "2002.06.27"]
[Round "3"]
[White "Veltmann, Alfred"]
[Black "Arseneau, Peter"]
[Result "1/2-1/2"]
[WhiteElo "1731"]
[BlackElo "1841"]
[PlyCount "107"]
[EventDate "2002.06.13"]
[EventType "swiss"]
[EventRounds "6"]
[EventCountry "CAN"]

1. Nf3 Nf6 2. g3 g6 3. Bg2 Bg7 4. O-O O-O 5. c4 d5 6. d4 dxc4 7. Ne5 c6 8. Nxc4
Be6 9. Ne5 Nbd7 10. Nc3 Nxe5 11. dxe5 Ng4 12. Qxd8 Rfxd8 13. f4 h5 14. Ne4 f6
15. h3 Nh6 16. Nc5 Bd5 17. exf6 Bxf6 18. Ne4 Bd4+ 19. e3 Bg7 20. Nc3 Bxg2 21.
Kxg2 Rd3 22. Ne4 Nf5 23. Re1 Rad8 24. Nf2 R3d7 25. Rb1 Nd6 26. e4 Nc4 27. e5 e6
28. b3 Nb6 29. Ne4 Nd5 30. Ba3 Bf8 31. Bd6 b6 32. Rbc1 c5 33. Re2 Bh6 34. Rf1
Rf7 35. Rf3 h4 36. Ng5 Bxg5 37. fxg5 Rxf3 38. Kxf3 hxg3 39. Kxg3 Nc3 40. Re1
Nxa2 41. Ra1 Nc3 42. Kf3 Nb5 43. Ke4 a5 44. Rf1 Nc3+ 45. Kd3 Nd5 46. Rf2 Rd7
47. Rf8+ Kg7 48. Re8 Rf7 49. Kc4 Rf4+ 50. Kb5 Rb4+ 51. Kc6 Nf4 52. Re7+ Kg8 53.
Re8+ Kg7 54. Re7+ 1/2-1/2

[Event "RA Summer Pickup #2"]
[Site "Ottawa CAN"]
[Date "2002.07.05"]
[Round "4"]
[White "Huus, Ian"]
[Black "Veltmann, Alfred"]
[Result "0-1"]
[WhiteElo "1794"]
[BlackElo "1731"]
[PlyCount "98"]
[EventDate "2002.06.13"]
[EventType "swiss"]
[EventRounds "6"]
[EventCountry "CAN"]

1. d4 d5 2. Nf3 Nf6 3. e3 g6 4. c4 dxc4 5. Bxc4 e6 6. O-O a6 7. a4 c5 8. Nc3 b6
9. d5 exd5 10. Nxd5 Be7 11. Nxe7 Qxd1 12. Rxd1 Kxe7 13. Ng5 Rf8 14. e4 Nc6 15.
Bf4 Rd8 16. Nxf7 Rd4 17. Rxd4 Nxd4 18. Bc7 Be6 19. Bxe6 Nxe6 20. Ne5 Nxc7 21.
Rd1 b5 22. Nc6+ Ke8 23. e5 Ng8 24. axb5 axb5 25. b4 cxb4 26. Nxb4 Ne7 27. f4
Rd8 28. Rxd8+ Kxd8 29. Kf2 Kd7 30. Kf3 Ncd5 31. Nxd5 Nxd5 32. Ke4 Ke6 33. g3 b4
34. Kd3 b3 35. Kd2 Ne3 36. Kc3 b2 37. Kxb2 Nf1 38. Kc3 Nxh2 39. Kd3 h5 40. Ke4
Nf1 41. Kf3 Nd2+ 42. Ke3 Nc4+ 43. Ke4 Nb6 44. Kd4 Nc8 45. Ke4 Ne7 46. Kf3 Kf5
47. g4+ hxg4+ 48. Kg3 Nd5 49. e6 Ne7 0-1

[Event "RA Summer Pickup #2"]
[Site "Ottawa CAN"]
[Date "2002.07.04"]
[Round "4"]
[White "Pacey, Kevin"]
[Black "Gelblum, Robert"]
[Result "1-0"]
[WhiteElo "2339"]
[BlackElo "2229"]
[PlyCount "59"]
[EventDate "2002.06.13"]
[EventType "swiss"]
[EventRounds "6"]
[EventCountry "CAN"]

1. e4 c5 2. Nf3 d6 3. d4 cxd4 4. Nxd4 Nf6 5. Nc3 g6 6. Be3 Bg7 7. f3 O-O 8. Qd2
Nc6 9. Bc4 Bd7 10. O-O-O Rc8 11. Bb3 Ne5 12. h4 Nc4 13. Bxc4 Rxc4 14. g4 Qc7
15. Nde2 Rc8 16. Kb1 Be6 17. h5 b5 18. Rc1 b4 19. Nd5 Bxd5 20. exd5 Qb7 21.
hxg6 fxg6 22. Nf4 Rxf4 23. Bxf4 Nxd5 24. Ka1 Nc3 25. Qd3 Qb6 26. Qe3 Qa6 27.
Qe6+ Kf8 28. Rce1 Rc4 29. Qxe7+ Kg8 30. Qe6+ 1-0

[Event "RA Summer Pickup #2"]
[Site "Ottawa CAN"]
[Date "2002.07.11"]
[Round "5"]
[White "De Kerpel, Stijn"]
[Black "Pacey, Kevin"]
[Result "1/2-1/2"]
[WhiteElo "2131"]
[BlackElo "2339"]
[PlyCount "107"]
[EventDate "2002.06.13"]
[EventType "swiss"]
[EventRounds "6"]
[EventCountry "CAN"]

1. c4 c5 2. g3 g6 3. Bg2 Bg7 4. Nc3 Nc6 5. a3 d6 6. Rb1 h5 7. Nf3 Be6 8. d3 Qc8
9. h3 Nd4 10. Nxd4 Bxd4 11. Bg5 h4 12. g4 Rb8 13. Nb5 Bxg4 14. Nxd4 cxd4 15.
Qa4+ Bd7 16. Qxa7 e5 17. Qb6 Bc6 18. Bxc6+ bxc6 19. Qa5 Rh5 20. Bd2 Ne7 21. Qa4
Ra8 22. Qb4 c5 23. Qb6 Nc6 24. Qb3 f5 25. Qd1 f4 26. e3 fxe3 27. fxe3 dxe3 28.
Bxe3 Qf5 29. Kd2 Rh7 30. Qe2 Nd4 31. Bxd4 cxd4 32. Qg2 Rb8 33. Rhf1 Qe6 34. b4
Kd7 35. b5 d5 36. cxd5 Qd6 37. Qg4+ Kc7 38. Qe6 Qxe6 39. dxe6 Rb6 40. Rf6 Re7
41. Rxg6 Rbxe6 42. Rxe6 Rxe6 43. Rg1 Kb6 44. a4 Ka5 45. Rb1 Rb6 46. Re1 Kxa4
47. Rxe5 Rxb5 48. Re4 Rb2+ 49. Ke1 Rb4 50. Rxh4 Kb3 51. Rg4 Kc3 52. Rg3 Rb2 53.
Rf3 Rh2 54. Rg3 1/2-1/2

[Event "RA Summer Pickup #2"]
[Site "Ottawa CAN"]
[Date "2002.07.11"]
[Round "5"]
[White "Veltmann, Alfred"]
[Black "Patterson, Roger"]
[Result "1/2-1/2"]
[WhiteElo "1731"]
[BlackElo "2216"]
[PlyCount "77"]
[EventDate "2002.06.13"]
[EventType "swiss"]
[EventRounds "6"]
[EventCountry "CAN"]

1. Nf3 c5 2. c4 Nf6 3. Nc3 Nc6 4. g3 d5 5. cxd5 Nxd5 6. Bg2 Nc7 7. O-O e5 8. d3
Be7 9. Nd2 Bd7 10. f4 Rb8 11. Nc4 f6 12. fxe5 Nxe5 13. Nxe5 fxe5 14. Nd5 Nxd5
15. Bxd5 b5 16. Bf7+ Kf8 17. Qb3 Bf6 18. Qd5 Qe7 19. Bh5 Be6 20. Qxe5 Rb6 21.
Bg5 Bf7 22. Qxe7+ Kxe7 23. Bxf6+ gxf6 24. Bxf7 Kxf7 25. Rf5 Rc8 26. a3 c4 27.
Rc1 a6 28. Rc3 Re8 29. Kf1 cxd3 30. Rxd3 Rbe6 31. Rf2 R8e7 32. Rd2 Kg6 33. Rf4
Kf7 34. Kf2 Kg6 35. Rfd4 Re5 36. Rg4+ Kf7 37. Rgd4 R7e6 38. Rd6 Rxe2+ 39. Rxe2
1/2-1/2

[Event "RA Summer Pickup #2"]
[Site "Ottawa CAN"]
[Date "2002.07.18"]
[Round "6"]
[White "Kirby, Patrick"]
[Black "Pacey, Kevin"]
[Result "1/2-1/2"]
[WhiteElo "2195"]
[BlackElo "2339"]
[PlyCount "88"]
[EventDate "2002.06.13"]
[EventType "swiss"]
[EventRounds "6"]
[EventCountry "CAN"]

1. e4 e5 2. Nf3 Nc6 3. Bb5 a6 4. Ba4 Nf6 5. O-O Be7 6. Re1 b5 7. Bb3 O-O 8. a4
Bb7 9. d3 d6 10. Nc3 Na5 11. Ba2 b4 12. Ne2 d5 13. exd5 b3 14. cxb3 Nxd5 15.
Nxe5 Nb4 16. Bb1 c5 17. Be3 Qd5 18. Nf3 Qxb3 19. Qxb3 Nxb3 20. Ra3 Bxf3 21.
gxf3 Nd4 22. Bxd4 cxd4 23. Nxd4 Bf6 24. Rb3 Rab8 25. Nf5 Rfd8 26. Re4 a5 27.
Ne3 Nc6 28. Rxb8 Rxb8 29. Nc4 g6 30. Kg2 Bxb2 31. Ba2 Kg7 32. Nxb2 Rxb2 33. Bc4
Rd2 34. f4 Rd1 35. Re8 Ra1 36. Bb5 Nd4 37. Ra8 Nxb5 38. axb5 Kf6 39. b6 Rb1 40.
Rxa5 Rxb6 41. Kf3 Rb1 42. Ra6+ Ke7 43. Ra7+ Ke6 44. Ra6+ Ke7 1/2-1/2

[Event "RA Summer Pickup #3"]
[Site "Ottawa CAN"]
[Date "2002.07.25"]
[Round "1"]
[White "Arseneau, Peter"]
[Black "Veltmann, Alfred"]
[Result "1-0"]
[WhiteElo "1862"]
[BlackElo "1754"]
[PlyCount "55"]
[EventDate "2002.07.25"]
[EventType "swiss"]
[EventRounds "6"]
[EventCountry "CAN"]

1. e4 e5 2. f4 exf4 3. Nf3 d6 4. Bc4 Be7 5. O-O Nf6 6. d3 O-O 7. Bxf4 Nc6 8.
Nc3 Bg4 9. Qd2 Nh5 10. Be3 Bxf3 11. gxf3 Na5 12. Kh1 Nxc4 13. dxc4 c6 14. Rad1
f5 15. exf5 Rxf5 16. Qd3 Qf8 17. Bd4 Nf4 18. Qe4 Qf7 19. Rg1 Ng6 20. Rde1 Rf4
21. Qd3 Re8 22. Ne4 Ne5 23. Bxe5 dxe5 24. Rg3 Rd8 25. Qe2 Bh4 26. Ng5 Qxc4 27.
Qxe5 h6 28. Ne6 1-0

[Event "RA Summer Pickup #3"]
[Site "Ottawa CAN"]
[Date "2002.07.25"]
[Round "1"]
[White "Djerkovic, Miladin"]
[Black "Pacey, Kevin"]
[Result "1/2-1/2"]
[WhiteElo "2245"]
[BlackElo "2317"]
[PlyCount "120"]
[EventDate "2002.07.25"]
[EventType "swiss"]
[EventRounds "6"]
[EventCountry "CAN"]

1. e4 c5 2. Nf3 e6 3. d4 cxd4 4. Nxd4 a6 5. Bd3 Bc5 6. Nb3 Ba7 7. Qe2 Nc6 8.
Be3 d6 9. N1d2 Nf6 10. f4 b5 11. Bxa7 Rxa7 12. a4 b4 13. g4 e5 14. f5 Nd7 15.
Nf3 Na5 16. Nxa5 Qxa5 17. O-O Rc7 18. Rf2 Bb7 19. g5 Nc5 20. Nd2 d5 21. exd5
Nxd3 22. cxd3 Qxd5 23. Ne4 O-O 24. f6 Rfc8 25. fxg7 Rc1+ 26. Rxc1 Rxc1+ 27. Kg2
Qd4 28. Qf3 Bxe4 29. dxe4 Qd7 30. Qf5 Qxf5 31. exf5 Kxg7 32. Kf3 b3 33. Ke3 Ra1
34. Ke4 f6 35. Kd5 Kf7 36. Rf3 Rxa4 37. Rxb3 fxg5 38. Kxe5 Ra5+ 39. Ke4 Rb5 40.
Rc3 Rxb2 41. Rc7+ Kf6 42. Rc6+ Kg7 43. Rc7+ Kh6 44. Rc6+ Kh5 45. Rxa6 Rxh2 46.
Ra7 Kg4 47. f6 h5 48. Ke5 Re2+ 49. Kd6 h4 50. f7 Rf2 51. Ke7 h3 52. f8=Q Rxf8
53. Kxf8 h2 54. Rh7 Kg3 55. Kf7 g4 56. Kf6 Kg2 57. Kf5 g3 58. Kf4 Kf2 59. Rh3
g2 60. Rxh2 Kf1 1/2-1/2

[Event "RA Summer Pickup #3"]
[Site "Ottawa CAN"]
[Date "2002.08.01"]
[Round "2"]
[White "Veltmann, Alfred"]
[Black "Kosmin, Walter"]
[Result "1/2-1/2"]
[WhiteElo "1754"]
[BlackElo "1857"]
[PlyCount "125"]
[EventDate "2002.07.25"]
[EventType "swiss"]
[EventRounds "6"]
[EventCountry "CAN"]

1. Nf3 d5 2. d4 Nf6 3. c4 e6 4. Nc3 a6 5. a3 Nbd7 6. Bg5 Be7 7. e3 dxc4 8. Bxc4
b5 9. Ba2 Bb7 10. O-O c5 11. dxc5 Nxc5 12. Qe2 Nce4 13. Nxe4 Bxe4 14. Rfd1 Qb6
15. Rd4 Qb7 16. Ne1 Rd8 17. Rad1 Rxd4 18. Rxd4 O-O 19. f3 Bd5 20. Bb1 Bc4 21.
Qc2 Rc8 22. Qd2 h6 23. Bh4 Nd5 24. Bxe7 Qxe7 25. e4 Nb6 26. Rd6 Qc7 27. Qd4 Na4
28. b4 a5 29. Nd3 Bxd3 30. Bxd3 axb4 31. axb4 Qc1+ 32. Kf2 Qd2+ 33. Be2 Qxd4+
34. Rxd4 Nc3 35. Rd2 Nxe2 36. Kxe2 Rc4 37. Rb2 Kf8 38. h4 g5 39. hxg5 hxg5 40.
e5 Ke7 41. g3 f6 42. exf6+ Kxf6 43. Kd3 Kf5 44. Rb3 e5 45. Ke3 g4 46. Ke2 gxf3+
47. Rxf3+ Kg4 48. Rb3 Rc2+ 49. Kd3 Rc4 50. Ke2 e4 51. Kd2 Rd4+ 52. Ke2 Rc4 53.
Ke3 Kxg3 54. Ke2+ Kf4 55. Kd2 Rd4+ 56. Ke2 Rc4 57. Kd2 e3+ 58. Rxe3 Rxb4 59.
Re8 Rc4 60. Kd3 Kf5 61. Rb8 Rb4 62. Kc3 Rb1 63. Kc2 1/2-1/2

[Event "RA Summer Pickup #3"]
[Site "Ottawa CAN"]
[Date "2002.08.08"]
[Round "3"]
[White "Giroux, Dave"]
[Black "Veltmann, Alfred"]
[Result "1-0"]
[WhiteElo "1818"]
[BlackElo "1754"]
[PlyCount "152"]
[EventDate "2002.07.25"]
[EventType "swiss"]
[EventRounds "6"]
[EventCountry "CAN"]

1. Nf3 Nf6 2. c4 c5 3. b3 Nc6 4. Bb2 e6 5. g3 Be7 6. Bg2 O-O 7. O-O d5 8. d4
dxc4 9. bxc4 cxd4 10. Nxd4 Nxd4 11. Bxd4 Qc7 12. Qb3 Nd7 13. Nd2 Bf6 14. Bxf6
Nxf6 15. Ne4 Nd7 16. Qb4 Rb8 17. Nd6 b6 18. Nb5 Qc5 19. Qxc5 bxc5 20. Nxa7 Ba6
21. Nb5 Ne5 22. Rfc1 Rfd8 23. e3 g5 24. a4 g4 25. Rd1 Nxc4 26. Rac1 Nd2 27.
Rxc5 h6 28. Re1 Nf3+ 29. Bxf3 gxf3 30. Nd4 Bb7 31. Nc6 Bxc6 32. Rxc6 Rb4 33.
Ra1 Rdb8 34. Rcc1 Ra8 35. a5 Ra6 36. Rc5 Kg7 37. h3 f5 38. Rc2 Kf6 39. Rca2 e5
40. Ra4 Rb5 41. g4 e4 42. Kh2 fxg4 43. hxg4 Re5 44. Kg3 Kg5 45. Rh1 Kg6 46. Kf4
Rb5 47. Rxe4 Rf6+ 48. Kg3 Rxa5 49. Rf4 Rb6 50. Kxf3 Rb2 51. Rc1 Rb6 52. Rc2 Kg5
53. Rfc4 Kh4 54. Rc1 Kg5 55. Rh1 Ra2 56. Rh5+ Kg6 57. Rf5 Re6 58. Rc8 Ra4 59.
Rg8+ Kh7 60. Rd8 Kg6 61. Rd4 Ra2 62. e4 Ra3+ 63. Kf4 Ra2 64. f3 Ra3 65. e5 Ra5
66. Ke4 Rc5 67. f4 Rb5 68. Rd6 Rb4+ 69. Kd5 Rxd6+ 70. exd6 Rd4+ 71. Kxd4 h5 72.
Re5 hxg4 73. d7 g3 74. d8=Q g2 75. Qg5+ Kf7 76. Re7+ Kf8 1-0

[Event "RA Summer Pickup #3"]
[Site "Ottawa CAN"]
[Date "2002.08.08"]
[Round "3"]
[White "Pacey, Kevin"]
[Black "Gelblum, Robert"]
[Result "1-0"]
[WhiteElo "2317"]
[BlackElo "2223"]
[PlyCount "111"]
[EventDate "2002.07.25"]
[EventType "swiss"]
[EventRounds "6"]
[EventCountry "CAN"]

1. e4 e5 2. Nf3 Nf6 3. Nc3 Nc6 4. d4 exd4 5. Nxd4 Bb4 6. Nxc6 bxc6 7. Bd3 d5 8.
exd5 cxd5 9. O-O O-O 10. Bg5 c6 11. Qf3 Be7 12. Rae1 Rb8 13. Nd1 h6 14. Bxh6
Bg4 15. Qg3 Bd6 16. f4 gxh6 17. h3 h5 18. hxg4 Nxg4 19. Bf5 Qf6 20. Bxg4 Qg7
21. Rf3 hxg4 22. Rb3 Qd4+ 23. Nf2 Qxf4 24. Qxg4+ Qxg4 25. Nxg4 f5 26. Re6 Bc5+
27. Nf2 Rbe8 28. Rxe8 Rxe8 29. Kf1 Bb6 30. Rf3 Bxf2 31. Kxf2 Re5 32. Ra3 Re7
33. Ra6 Rc7 34. Ke3 c5 35. Rd6 d4+ 36. Kf4 Rg7 37. Rc6 Rxg2 38. Rxc5 d3 39.
cxd3 Rf2+ 40. Ke5 Rxb2 41. Rc8+ Kf7 42. Rc7+ Kg6 43. Rxa7 Rd2 44. Kd4 f4 45.
Ra8 f3 46. Rf8 f2 47. a4 Ra2 48. Ke3 Rxa4 49. Rxf2 Kg5 50. d4 Ra5 51. Ke4 Kg6
52. d5 Ra6 53. Ke5 Rb6 54. d6 Rb5+ 55. Ke6 Rb6 56. Ke7 1-0

[Event "RA Summer Pickup #3"]
[Site "Ottawa CAN"]
[Date "2002.08.15"]
[Round "4"]
[White "Pacey, Kevin"]
[Black "Patterson, Roger"]
[Result "0-1"]
[WhiteElo "2317"]
[BlackElo "2216"]
[PlyCount "100"]
[EventDate "2002.07.25"]
[EventType "swiss"]
[EventRounds "6"]
[EventCountry "CAN"]

1. d4 Nf6 2. c4 e6 3. Nc3 Bb4 4. e3 O-O 5. Bd3 d5 6. Nf3 c5 7. O-O dxc4 8. Bxc4
cxd4 9. exd4 Nbd7 10. Bb3 Nb6 11. Bg5 Be7 12. Qd3 Bd7 13. Ne5 Rc8 14. Rad1 Bc6
15. Qh3 Nbd5 16. Rfe1 Re8 17. Bc2 g6 18. Bb3 a6 19. Bxf6 Bxf6 20. Nxc6 bxc6 21.
Ne4 Bg7 22. Qd3 Nc7 23. Nc5 Nb5 24. Nxe6 fxe6 25. Rxe6 Kh8 26. Rxg6 Qxd4 27.
Re6 Qxd3 28. Rxd3 Rxe6 29. Bxe6 Re8 30. g3 Bxb2 31. Bc4 Re7 32. Kg2 Be5 33. a4
Nc7 34. Rb3 a5 35. Rb6 c5 36. h4 Rd7 37. f4 Rd2+ 38. Kh3 Bd6 39. Kg4 Rd4 40.
Bb3 Kg7 41. Kf5 Ne8 42. Bc2 Kf7 43. h5 Nf6 44. Kg5 Rd5+ 45. f5 Be7 46. Rb7 c4
47. h6 Rd4 48. Bd1 Ne4+ 49. Kf4 Nc5+ 50. Ke5 Rxd1 0-1

[Event "RA Summer Pickup #3"]
[Site "Ottawa CAN"]
[Date "2002.08.15"]
[Round "4"]
[White "Veltmann, Alfred"]
[Black "Neilsen, Steve"]
[Result "0-1"]
[WhiteElo "1754"]
[BlackElo "1552"]
[PlyCount "68"]
[EventDate "2002.07.25"]
[EventType "swiss"]
[EventRounds "6"]
[EventCountry "CAN"]

1. e4 Nf6 2. e5 Nd5 3. d4 d6 4. c4 Nb6 5. Nc3 dxe5 6. dxe5 Qxd1+ 7. Nxd1 Nc6 8.
Nf3 Bg4 9. Bf4 e6 10. Nd2 O-O-O 11. Ne3 Bh5 12. a3 a6 13. h4 Na4 14. b4 Nb2 15.
g4 Bg6 16. Bg3 Nd3+ 17. Bxd3 Rxd3 18. Ra2 Be7 19. O-O Rhd8 20. Nf3 Be4 21. Ne1
Rd2 22. Ra1 Nd4 23. c5 Ne2+ 24. Kh2 Nxg3 25. Kxg3 f6 26. f4 fxe5 27. fxe5 g5
28. h5 b6 29. cxb6 cxb6 30. b5 Re2 31. Nd1 Rdd2 32. Rf2 Bc5 33. Rxe2 Rxe2 34.
Nc3 Re3+ 0-1

[Event "RA Summer Pickup #3"]
[Site "Ottawa CAN"]
[Date "2002.08.22"]
[Round "5"]
[White "Predescu, Sebastian"]
[Black "Pacey, Kevin"]
[Result "1/2-1/2"]
[WhiteElo "2157"]
[BlackElo "2317"]
[PlyCount "93"]
[EventDate "2002.07.25"]
[EventType "swiss"]
[EventRounds "6"]
[EventCountry "CAN"]

1. e4 e5 2. Nf3 Nc6 3. d4 exd4 4. Nxd4 Qf6 5. Be3 Bc5 6. c3 Nge7 7. Bc4 Qg6 8.
O-O Qxe4 9. Bxf7+ Kxf7 10. Qh5+ Qg6 11. Qxc5 d6 12. Qc4+ d5 13. Qe2 Nxd4 14.
Bxd4 Bg4 15. f3 Bf5 16. Qe5 c6 17. Re1 Rhe8 18. Nd2 b6 19. b4 Rad8 20. Kf2 Bc8
21. a4 Nf5 22. Qc7+ Kg8 23. Rxe8+ Rxe8 24. Re1 Rxe1 25. Kxe1 Qe8+ 26. Kf2 Ba6
27. Be5 Qe7 28. Qxe7 Nxe7 29. f4 Kf7 30. g4 g6 31. Bd4 Bc8 32. Nf3 h5 33. h3
Ke6 34. Ne5 Kd6 35. Nd3 hxg4 36. Be5+ Ke6 37. hxg4 Ba6 38. Ne1 Bc4 39. Bd4 Bb3
40. a5 Nc8 41. axb6 axb6 42. Nf3 Bc2 43. Ke3 Nd6 44. Ne5 Bd1 45. Bxb6 Bxg4 46.
Bc5 Nc4+ 47. Nxc4 1/2-1/2

[Event "RA Summer Pickup #3"]
[Site "Ottawa CAN"]
[Date "2002.08.20"]
[Round "5"]
[White "Veltmann, Alfred"]
[Black "Burgess, Doug"]
[Result "0-1"]
[WhiteElo "1754"]
[BlackElo "1675"]
[PlyCount "77"]
[EventDate "2002.07.25"]
[EventType "swiss"]
[EventRounds "6"]
[EventCountry "CAN"]

1. d4 Nf6 2. c4 d6 3. Nc3 g6 4. g3 Bg7 5. Bg2 O-O 6. Nf3 Nc6 7. O-O Bd7 8. b3
Qc8 9. Bb2 Bh3 10. d5 Bxg2 11. Kxg2 Nb4 12. a3 Na6 13. Qc2 c5 14. Nb5 Nc7 15.
e4 Nxb5 16. cxb5 Qd7 17. Qc4 Rad8 18. a4 e5 19. Bc1 Qg4 20. Re1 Qc8 21. Bg5 h6
22. Bd2 Nd7 23. Rac1 Nb6 24. Qc2 f5 25. a5 Nd7 26. Nh4 Nf6 27. f3 fxe4 28. fxe4
Kh7 29. h3 Qd7 30. Qd3 Rf7 31. Rf1 Rdf8 32. b4 b6 33. bxc5 bxc5 34. b6 axb6 35.
axb6 Ra8 36. Rc4 Qb7 37. Qb3 Ra6 38. Rb1 Nd7 39. Ra4 0-1

[Event "RA Tandem Active"]
[Site "Ottawa CAN"]
[Date "2002.04.04"]
[Round "1.1"]
[White "Van Dusen, Eric"]
[Black "Pacey, Kevin"]
[Result "0-1"]
[WhiteElo "1842"]
[BlackElo "2263"]
[PlyCount "84"]
[EventDate "2002.04.04"]
[EventType "swiss"]
[EventRounds "6"]
[EventCountry "CAN"]

1. d4 Nf6 2. c4 g6 3. Nc3 d5 4. Bf4 Bg7 5. e3 O-O 6. Nf3 c6 7. Bd3 Na6 8. a3 c5
9. O-O Bg4 10. h3 cxd4 11. exd4 Bxf3 12. Qxf3 dxc4 13. Bxc4 Qxd4 14. Ba2 Qb6
15. Rab1 e6 16. Ne4 Nxe4 17. Qxe4 Nc5 18. Qf3 Rac8 19. Be3 Qb5 20. h4 h5 21.
Rfc1 Nb3 22. Rxc8 Rxc8 23. Bxb3 Qxb3 24. Bxa7 Qxf3 25. gxf3 Rc2 26. b3 Bf6 27.
Rd1 Rc3 28. b4 Rxa3 29. Bc5 Ra1 30. Rxa1 Bxa1 31. Kg2 Be5 32. b5 f5 33. Be7 Kf7
34. Bg5 Ke8 35. Be3 Kd7 36. f4 Bc7 37. Kf3 Kd6 38. Ke2 Bd8 39. Kd3 Bxh4 40. f3
Kd5 41. Bb6 Bg3 42. Bc7 h4 0-1

[Event "RA Tandem Active"]
[Site "Ottawa CAN"]
[Date "2002.04.04"]
[Round "1.2"]
[White "Pacey, Kevin"]
[Black "Van Dusen, Eric"]
[Result "1-0"]
[WhiteElo "2263"]
[BlackElo "1842"]
[PlyCount "107"]
[EventDate "2002.04.04"]
[EventType "swiss"]
[EventRounds "6"]
[EventCountry "CAN"]

1. d4 Nf6 2. c4 g6 3. g3 Bg7 4. Bg2 O-O 5. Nf3 c5 6. O-O cxd4 7. Nxd4 Nc6 8.
Nc3 e6 9. Ndb5 a6 10. Nd6 Ne8 11. Bf4 Qb6 12. Na4 Qb4 13. a3 Qa5 14. c5 e5 15.
Bd2 Qc7 16. Nb6 Nxd6 17. Nxa8 Qb8 18. Nb6 Nf5 19. Bc3 d6 20. cxd6 Nxd6 21. Nxc8
Rxc8 22. Qb3 Nb5 23. Bd5 Qc7 24. e4 Kh8 25. Bxc6 Qxc6 26. Qxf7 Nxc3 27. bxc3
Qxe4 28. Rad1 Rf8 29. Qc7 Qf5 30. Rd8 Qf3 31. Rxf8+ Bxf8 32. Qxe5+ Kg8 33. c4
Qxa3 34. Rd1 Qb3 35. Qe6+ Kh8 36. Rd8 Qf3 37. Qe5+ Kg8 38. Qd5+ Qxd5 39. cxd5
Kf7 40. Rd7+ Kf6 41. Rxb7 a5 42. f4 Bc5+ 43. Kf1 h6 44. Rb5 Bb4 45. Ke2 g5 46.
Kd3 gxf4 47. gxf4 Ke7 48. Kc4 Bd2 49. f5 Kd6 50. f6 Bg5 51. Rxa5 Bxf6 52. Ra6+
Ke7 53. Rxf6 Kxf6 54. Kc5 1-0

[Event "RA Tandem Active"]
[Site "Ottawa CAN"]
[Date "2002.04.11"]
[Round "2.1"]
[White "Pacey, Kevin"]
[Black "De Kerpel, Stijn"]
[Result "1/2-1/2"]
[WhiteElo "2263"]
[BlackElo "1973"]
[PlyCount "80"]
[EventDate "2002.04.04"]
[EventType "swiss"]
[EventRounds "6"]
[EventCountry "CAN"]

1. e4 c5 2. c3 d5 3. exd5 Qxd5 4. d4 Nf6 5. Nf3 Bg4 6. Be2 e6 7. O-O Nc6 8. Be3
cxd4 9. cxd4 Be7 10. Nc3 Qa5 11. h3 Bh5 12. Ne5 Bxe2 13. Nxe2 O-O 14. Nxc6 bxc6
15. Nf4 Rfd8 16. Qc2 Rac8 17. Rfc1 Qa6 18. Nd3 Nd5 19. Qb3 Bf6 20. Nc5 Qb6 21.
Qxb6 axb6 22. Ne4 Be7 23. a3 h6 24. Rc2 f5 25. Nc3 Nxe3 26. fxe3 c5 27. Nb5 f4
28. Re1 fxe3 29. Rxe3 cxd4 30. Rxc8 Rxc8 31. Rxe6 Bf6 32. Rd6 Rc1+ 33. Kf2 Rc2+
34. Kf3 Rxb2 35. Nxd4 Bxd4 36. Rxd4 Rb3+ 37. Kf4 Rxa3 38. Rb4 g5+ 39. Kf5 Rg3
40. Rxb6 Rxg2 1/2-1/2

[Event "RA Tandem Active"]
[Site "Ottawa CAN"]
[Date "2002.04.11"]
[Round "2.2"]
[White "De Kerpel, Stijn"]
[Black "Pacey, Kevin"]
[Result "0-1"]
[WhiteElo "1973"]
[BlackElo "2263"]
[PlyCount "107"]
[EventDate "2002.04.04"]
[EventType "swiss"]
[EventRounds "6"]
[EventCountry "CAN"]

1. e4 e5 2. Bc4 Nf6 3. d3 Nc6 4. Nc3 Bc5 5. Be3 d6 6. Qd2 Bxe3 7. fxe3 Na5 8.
Nf3 Nxc4 9. dxc4 Nd7 10. O-O O-O 11. a3 Nb6 12. b3 a5 13. a4 Nd7 14. Rad1 b6
15. Qf2 Bb7 16. Qg3 h6 17. Nh4 Qg5 18. Qh3 Nc5 19. Rf5 Bc8 20. Rxg5 Bxh3 21.
Rg3 Bd7 22. Nf5 g6 23. Ne7+ Kg7 24. Ned5 Ra7 25. Rf1 Rb7 26. Nf6 Be6 27. Nh5+
Kh7 28. Nf6+ Kh8 29. Ng4 Bxg4 30. Rxg4 Kg7 31. Nd5 h5 32. Rh4 f6 33. g4 hxg4
34. Rxg4 c6 35. Nc3 Rh8 36. Kg2 Rh6 37. Kg3 Rb8 38. Rh4 Rxh4 39. Kxh4 Rh8+ 40.
Kg3 Kf7 41. h4 Ke6 42. Rb1 g5 43. hxg5 fxg5 44. Rf1 Rh4 45. Kf3 Rh3+ 46. Ke2 g4
47. Rf2 Nd7 48. Na2 Nf6 49. Nc3 Rh1 50. Rg2 Rc1 51. Kd2 Rf1 52. Ke2 Rh1 53. Nd1
Rh3 54. Nf2 0-1

[Event "RA Tandem Active"]
[Site "Ottawa CAN"]
[Date "2002.04.11"]
[Round "3"]
[White "Veltmann, Alfred"]
[Black "Burgess, Doug"]
[Result "1-0"]
[WhiteElo "1735"]
[BlackElo "1798"]
[PlyCount "74"]
[EventDate "2002.04.04"]
[EventType "swiss"]
[EventRounds "6"]
[EventCountry "CAN"]

1. Nf3 d6 2. g3 Nc6 3. Bg2 Nf6 4. d4 g6 5. c4 Bg7 6. Nc3 O-O 7. O-O Bd7 8. e4
Qc8 9. a3 a5 10. Bg5 Re8 11. Qd2 Bh3 12. Rae1 Bxg2 13. Kxg2 e5 14. d5 Nb8 15.
h4 Nbd7 16. Nh2 h5 17. f4 Nh7 18. f5 Nxg5 19. Qxg5 Qd8 20. Nf3 Qxg5 21. Nxg5
gxf5 22. Rxf5 f6 23. Ne6 Rac8 24. Nb5 Rxe6 25. dxe6 Nc5 26. e7 Nd3 27. Re2 Kf7
28. Rxh5 Kxe7 29. b3 Kf7 30. Nc3 Bf8 31. Rd2 Nc1 32. b4 axb4 33. axb4 Rd8 34.
c5 Nb3 35. Ra2 Nd4 36. Ne2 dxc5 37. bxc5 Nb5 1-0

[Event "RA Tandem Active"]
[Site "Ottawa CAN"]
[Date "2002.04.18"]
[Round "3.1"]
[White "Pacey, Kevin"]
[Black "Gelblum, Robert"]
[Result "1-0"]
[WhiteElo "2268"]
[BlackElo "2188"]
[PlyCount "63"]
[EventDate "2002.04.04"]
[EventType "swiss"]
[EventRounds "6"]
[EventCountry "CAN"]

1. d4 Nf6 2. c4 g6 3. Nf3 Bg7 4. Nc3 d5 5. e3 O-O 6. Be2 c5 7. O-O cxd4 8. exd4
Nc6 9. Bg5 dxc4 10. Bxc4 Bg4 11. d5 Bxf3 12. Qxf3 Ne5 13. Qe2 Nxc4 14. Qxc4 Qb6
15. Qe2 h6 16. Be3 Qa5 17. Qd2 Ng4 18. Bd4 Ne5 19. Rad1 Rac8 20. Qe2 Nc4 21.
Bxg7 Kxg7 22. Rfe1 Rfe8 23. h3 Qb4 24. Rd4 Qxb2 25. Qxb2 Nxb2 26. Nb5 a6 27.
Na3 b5 28. d6 exd6 29. Rxe8 Rxe8 30. Rxd6 Re1+ 31. Kh2 Ra1 32. Nc2 1-0

[Event "RA Tandem Active"]
[Site "Ottawa CAN"]
[Date "2002.04.18"]
[Round "3.2"]
[White "Gelblum, Robert"]
[Black "Pacey, Kevin"]
[Result "1/2-1/2"]
[WhiteElo "2188"]
[BlackElo "2268"]
[PlyCount "84"]
[EventDate "2002.04.04"]
[EventType "swiss"]
[EventRounds "6"]
[EventCountry "CAN"]

1. e4 e6 2. d4 d5 3. Nc3 Bb4 4. e5 Ne7 5. Bd2 b6 6. a3 Bxc3 7. Bxc3 O-O 8. Nf3
Nf5 9. Bd3 Ba6 10. Bxa6 Nxa6 11. Qd3 Nb8 12. h4 c5 13. O-O-O Nc6 14. dxc5 bxc5
15. g4 c4 16. Qe2 Nfe7 17. h5 Qb6 18. Nd4 Nxd4 19. Bxd4 Qb5 20. f4 Rfb8 21. Qf2
Nc6 22. f5 Nxd4 23. Qxd4 Qb6 24. Qc3 Rd8 25. Rd4 Rab8 26. Re1 Rb7 27. b4 cxb3
28. Rb4 Rc7 29. Rxb6 Rxc3 30. Rxb3 Rdc8 31. Rxc3 Rxc3 32. Kd2 Rg3 33. Rb1 h6
34. Rb8+ Kh7 35. Rb7 Rxg4 36. Rxf7 exf5 37. Rxf5 Re4 38. e6 Rxe6 39. Rxd5 Ra6
40. Rd3 Ra5 41. Rh3 g5 42. hxg6+ Kxg6 1/2-1/2

[Event "RA Tandem Active"]
[Site "Ottawa CAN"]
[Date "2002.04.11"]
[Round "4"]
[White "Burgess, Doug"]
[Black "Veltmann, Alfred"]
[Result "1-0"]
[WhiteElo "1798"]
[BlackElo "1735"]
[PlyCount "72"]
[EventDate "2002.04.04"]
[EventType "swiss"]
[EventRounds "6"]
[EventCountry "CAN"]

1. e4 e5 2. Nf3 Nc6 3. d4 exd4 4. Nxd4 Bc5 5. Nxc6 Qf6 6. Qd2 Qxc6 7. Nc3 Qg6
8. Qg5 Qxg5 9. Bxg5 c6 10. Bd3 Ne7 11. Bxe7 Bxe7 12. O-O d6 13. a3 b5 14. Rfe1
Be6 15. f4 f6 16. Rad1 O-O 17. b3 Rfe8 18. f5 Bf7 19. g4 d5 20. exd5 Bc5+ 21.
Kg2 Bxa3 22. dxc6 Bb4 23. Nxb5 Bd5+ 24. Kh3 Bxc6 25. Nc7 Bxe1 26. Nxe8 Ba5 27.
b4 Rxe8 28. bxa5 Kf8 29. Re1 Rd8 30. Kg3 h6 31. h4 Rd7 32. h5 Re7 33. Rxe7 Kxe7
34. Kf4 Bd5 35. Be4 Kd6 36. Bxd5 Kxd5 1-0